| 000 | 01247cam a2200385 a 4500 | ||
|---|---|---|---|
| 001 | 12451804 | ||
| 003 | OSt | ||
| 005 | 20140310182428.0 | ||
| 008 | 010426s2000 ph bl 000 0 eng | ||
| 010 | _a 2001307576 | ||
| 020 | _a971232978X | ||
| 035 | _a(DLC) 2001307576 | ||
| 037 |
_bLibrary of Congress -- Jakarta Overseas Office _cP180.00 |
||
| 040 |
_aDLC _cDLC _dDLC |
||
| 042 | _alcode | ||
| 043 | _aa-ph--- | ||
| 050 | 0 | 0 |
_aKPM 953.5 _b.T693 2005 |
| 100 | 1 | _aTorres, Justo P. | |
| 245 | 1 | 4 |
_aThe law on business organization : _bpartnerships & corporations / _cJusto P. Torres, Jr. |
| 250 | _a2000 ed. | ||
| 260 |
_aManila, Philippines : _bPublished & distributed by Rex Book Store, _c2005. |
||
| 300 |
_axxxvi, 367 p. : _c22 cm. |
||
| 500 | _aIncludes the text of: Corporation Code of the Philippines. | ||
| 504 | _aIncludes bibliographical references. | ||
| 521 | _aBSBA | ||
| 650 | 0 |
_aCorporation law _zPhilippines. |
|
| 650 | 0 |
_aPartnership _zPhilippines. |
|
| 710 | 1 | 2 |
_aPhilippines. _tCorporation Code of the Philippines. _f2000. |
| 906 |
_a7 _bcbc _corigode _d2 _encip _f20 _gy-gencatlg |
||
| 942 |
_2lcc _cBK _kLOC |
||
| 999 |
_c13322 _d13322 |
||